Động vật trong ca dao

Trình bày về nội dung và hình thức qua những câu ca dao có nói đến động vật dưới dạng câu đố, dùng hình ảnh khác để có giải đáp là một loài động vật, hoặc dùng hình ảnh động vật để đố về việc khác....

Full description

Saved in:
Bibliographic Details
Main Author: Trần, Sĩ Huệ
Format: Book
Language:Undetermined
Published: Hà Nội Khoa học - Xã hội 2015
Subjects:
Tags: Add Tag
No Tags, Be the first to tag this record!
Institutions: Trung tâm Học liệu Trường Đại học Cần Thơ
LEADER 00898nam a2200193Ia 4500
001 CTU_209577
008 210402s9999 xx 000 0 und d
082 |a 398.809597 
082 |b H507 
100 |a Trần, Sĩ Huệ 
245 0 |a Động vật trong ca dao 
245 0 |c Trần Sĩ Huệ 
260 |a Hà Nội 
260 |b Khoa học - Xã hội 
260 |c 2015 
520 |a Trình bày về nội dung và hình thức qua những câu ca dao có nói đến động vật dưới dạng câu đố, dùng hình ảnh khác để có giải đáp là một loài động vật, hoặc dùng hình ảnh động vật để đố về việc khác. 
650 |a Ca dao Việt Nam,Folk-song, Vietnamese 
904 |i Trần Thu Thảo,Hải 
980 |a Trung tâm Học liệu Trường Đại học Cần Thơ